000 01197 a2200277 4500
001 200042699
999 _c200042699
_d35437
003 TR-AnTOB
005 20230907094353.0
008 110928s2010 tu 000 0
020 _a9789754645507
040 _aTR-AnTOB
041 _atur
050 1 4 _aKKX1612
_b.F46 2010
090 _aKKX1612 .F46 2010
100 1 _aFendoğlu, H. Tahsin,
_d1952-
_988504
245 1 0 _aTürk Anayasa Hukukunda yargının bağımsızlığı ve tarafsızlığı :
_b(dünü, bugünü) /
_cHasan Tahsin Fendoğlu.
264 1 _aAnkara :
_bYetkin Yayınları,
_c2010.
300 _a357 p. :
_c24 cm.
504 _aIncludes bibliographical references (p. 343-355)
505 0 _a1. Anayasa Hukukunda Yargı Fonksiyonu. -- 2.Türk Anayasa Hukuku Tarihinde Yargı Fonksiyonu . -- 3. Yargı Bağımsızlığının ve Tarafsızlığının Korunması. -- 4. Yargı Bağımsızlığının Korunması Açısından Yargının Sahip Olduğu Güvemceler ve Yargının Denetimi.
650 0 _aJudicial independence
_zTurkey
_xHistory
_977045
650 0 _aYargı bağımsızlığı
_zTürkiye
_xTarih
_977046
700 1 _aFendoğlu, H. Tahsin,
_d1952-
_988504
942 _cBK